000
00262nam a2200109Ia 4500
008
230907s9999||||xx |||||||||||||| ||und||
082
_a
629.83
_b
DOR
245
0
_a
Modern control systems /
260
_a
Pearson,
_b
Noida :
_c
2018
300
_a
1043 p.
942
_c
BK
999
_c
601474
_d
601474